Đại cương lịch sử Việt Nam

Guardat en:
Dades bibliogràfiques
Autor principal: Lê, Mậu Hãn
Format: Llibre
Idioma:Undetermined
Publicat: Hà Nội Giáo dục 2004
Etiquetes: Afegir etiqueta
Sense etiquetes, Sigues el primer a etiquetar aquest registre!
Thư viện lưu trữ: Trung tâm Học liệu Trường Đại học Cần Thơ
LEADER 00549nam a2200181Ia 4500
001 CTU_64240
008 210402s9999 xx 000 0 und d
020 |b 23000 
082 |a 959.7 
082 |b H105/T.3 
100 |a Lê, Mậu Hãn 
245 0 |a Đại cương lịch sử Việt Nam 
245 0 |c Lê Mậu Hãn ( Chủ biên), Trần Bá Đệ, Nguyễn Văn Thư 
260 |a Hà Nội 
260 |b Giáo dục 
260 |c 2004 
904 |i M.Loan 
980 |a Trung tâm Học liệu Trường Đại học Cần Thơ